000 00200 a2200109 4500
020 _a9780813667423
041 _aspa
100 _aWalker, Colin
245 _aEl tiempo
942 _cBK
952 _71
999 _c16745
_d16745